{"text_format":"3","workbook":"xls","n_sheets":1,"sheets":["Sheet1"],"read":"whole","date_system":"1900","formulas":"cached_only"}

{"sheet":"Sheet1","index":0,"n_rows":159,"n_cols":9,"rows_kept":159,"merged":[[0,0,0,8],[158,0,158,5]],"flags":["formulas_cached_only"]}
["附件1：航海工程学院2022年度教学耗材采购需求清单"]
["序号","货物（服务、工程）名称","规格型号","数量","单位","预算单价（元）","预算金额（元）","报价单位名称及联系方式","报价价格"]
[1,"电工胶布","大卷",200,"卷",2.6,520]
[2,"钢丝绳","直径8mm，软钢丝绳（右搓）",1000,"米",6.8,6800]
[3,"螺丝刀","大号（一字螺丝刀）",50,"把",11,550]
[4,"六股化纤绳","直径20毫米左右、六股化纤绳规格：6股+1芯（扭绞纤维绳）",200,"米",5.5,1100]
[5,"船用救生艇实木浆","全实木；3.8米；船用划桨",16,"个",399,6384]
[6,"压缩机","ND1111Y（加西贝拉）",3,"个",219,657]
[7,"单向工艺阀","6mm",10,"根",6.5,65]
[8,"干燥过滤器","R600a",10,"个",7.5,75]
[9,"铜管","Φ6",5,"Kg",84,420]
[10,"铜管","Φ10",8,"Kg",86,688]
[11,"冰箱冷凝器","210*270 1/4P（大）",10,"片",79,790]
[12,"冰箱散热电机风扇","锋银电机（含扇叶、电机座）",6,"把",44,264]
[13,"电子温控器","XMK-010",6,"个",41,246]
[14,"焊条","扁焊条",40,"条",2,80]
[15,"制冷剂","R22",5,"Kg",30,150]
[16,"漩涡自吸小功率水泵","380V三相电125W",12,"个",350,4200]
[17,"水阀（带快速接头）","25mm",35,"个",12,420]
[18,"红外感应接近开关焊接套件","220V供电",25,"套",30,750]
[19,"直通接头（带快速接头）","25mm",60,"个",4.5,270]
[20,"直角接头（带快速接头）","25mm",80,"个",5,400]
[21,"电磁开关阀水","25mm（220v线圈）",16,"个",49,784]
[22,"水位传感器","4段（长约30CM）",15,"个",132,1980]
[23,"水桶","PVC材质，高50CM以上，上径44CM，下径44CM，60L容量（颜色：白色）",15,"个",71,1065]
[24,"水管","PVC  25mm   2.5米-2.8米/条",60,"条",8,480]
[25,"生料带","50米/卷",10,"卷",5,50]
[26,"红黑线纯铜两芯电线","1平方（50M/卷）",2,"卷",88,176]
[27,"漆包铜线","Φ0.85",40,"Kg",85,3400]
[28,"电池","2号",50,"粒",3.5,175]
[29,"电池","5号（南孚）",50,"粒",3.5,175]
[30,"电池","7（南孚）",50,"粒",3,150]
[31,"电池","9V",30,"粒",4.5,135]
[32,"电脑排插","公牛 10位，5米，16安",4,"个",235,940]
[33,"打包扣","锴达 KATA，回型打包扣，长度16mm",5,"公斤",35,175]
[34,"自封袋7号","斯图，200mm×140mm，300只装",5,"包",42,210]
[35,"自封袋6号","斯图，170mm×120mm   400只装",5,"包",48,240]
[36,"纸箱","480×390×290",50,"个",12,600]
[37,"纸箱","580×300×220",50,"个",14,700]
[38,"纸箱","370×190×270",50,"个",11,550]
[39,"工具箱套装","华麦斯家用工具箱套装五金工具套装",1,"套",59,59]
[40,"电脑主板电池","3VCR2032锂锰电池",60,"个",16.5,990]
[41,"有线鼠标","联想大红点M220L鼠标",20,"套",36,720]
[42,"公道杯","10cm高，锤纹，无耳，玻璃，圆款200ml左右。",10,"个",49,490]
[43,"茶巾","纯色，方形：30cm*30cm",30,"条",7,210]
[44,"茶巾","长形，棉麻，与茶具套装配套，方形，大约27cm*27cm",8,"条",15,120]
[45,"随手泡           （烧水壶）","品牌建议：美的，容量0.8L左右，功率1000瓦左右，可泡茶，也可做咖啡手冲壶",10,"个",177,1770]
[46,"茶叶","广西红茶2罐（品牌：中茶)、外地红茶2罐（品牌：中茶)、广西绿茶2罐（品牌：中茶)、外地绿茶1罐（品牌：中茶)、茉莉花茶2罐（品牌：中茶)、六堡茶2罐（品牌：中茶)、白茶1罐（品牌：中茶)、 均为中茶牌  每罐（袋）200-250克",12,"罐",78,936]
[47,"袋泡茶","品牌：立顿   红茶、茉莉花茶、乌龙茶和绿茶混合 装，每盒80包",2,"盒",60,120]
[48,"纯牛奶","一件12盒，每盒1L，德亚或雀巢",2,"件",125,250]
[49,"糖浆","建议品牌：莫林，每瓶750ML，风味：青柠檬风味1瓶、薄荷风味2瓶、水蜜桃风味1瓶，芒果味风味1瓶",3,"瓶",90,270]
[50,"海马刀","onlycook",10,"把",25,250]
[51,"开胃菜刀、叉","不锈钢",16,"把",12,192]
[52,"鱼刀、鱼叉","不锈钢",16,"把",13,208]
[53,"主菜刀、叉","不锈钢",16,"把",15,240]
[54,"浓汤勺","不锈钢",16,"把",8,128]
[55,"甜品叉、勺","不锈钢",16,"把",11,176]
[56,"水杯","玻璃，高脚",16,"个",14,224]
[57,"红葡萄酒杯","玻璃，高脚",16,"个",13,208]
[58,"白葡萄酒杯玻","玻璃，高脚",16,"个",12,192]
[59,"开胃菜盘","白色骨瓷瓷器、8寸",16,"个",22,352]
[60,"主菜盘","白色骨瓷瓷器、10寸",16,"个",48,768]
[61,"沙司盅","不锈钢",8,"个",18,144]
[62,"花瓶","白色骨瓷",8,"个",8,64]
[63,"盐、胡椒、牙签筒","白色骨瓷",8,"套",45,360]
[64,"酒杯","玻璃鸡尾酒杯",5,"个",20,100]
[65,"其他调酒用具","摇酒壶550cm、吧匙中号、量杯中号",2,"批",295,590]
[66,"水杯","libbey450ml",4,"个",13.5,54]
[67,"红酒杯","libbey350ml",4,"个",13,52]
[68,"白酒杯","libbey250ml",4,"个",12,48]
[69,"骨碟","白色骨瓷外径18厘米",10,"个",25,250]
[70,"汤碗","白色骨瓷碗口直径12厘米",10,"个",12,120]
[71,"味碟","白色骨瓷碟口7.5厘米",10,"个",11,110]
[72,"汤勺","白色骨瓷长14厘米",10,"个",10,100]
[73,"筷架","白色骨瓷长7.6厘米",10,"个",50,500]
[74,"筷子","白色骨瓷长25厘米",10,"双",20,200]
[75,"长柄更","白色骨瓷全长20厘米",10,"个",10,100]
[76,"水杯","白色骨瓷杯口外径6厘米，外高18",10,"个",20,200]
[77,"白酒杯","白色骨瓷杯口外径4.3厘米，外高11厘米",10,"个",5,50]
[78,"茶壶","白色骨瓷",10,"个",50,500]
[79,"茶杯","白色骨瓷",10,"套",45,450]
[80,"汤碗","白色骨瓷",10,"套",32,320]
[81,"汤盆","白色骨瓷",5,"个",45,225]
[82,"分汤勺","白色骨瓷",5,"个",9,45]
[83,"截止阀","DN50，铸钢，法兰连接，型号：U41S-16J",1,"个",195,195]
[84,"闸阀","DN50，铸钢，法兰连接，型号：Z41X-16Q",1,"个",205,205]
[85,"截止阀","DN40，铸钢，法兰连接，型号：U41S-16J",1,"个",191,191]
[86,"闸阀","DN40，铸钢，法兰连接，型号：Z41X-16Q",1,"个",178,178]
[87,"截止阀","DN80，铸钢，法兰连接，型号：U41S-16J",2,"个",315,630]
[88,"柱塞与套筒","135柴油机用，喷油泵芯偶件",5,"对",24,120]
[89,"铅丝","1.0-3.0mm，挤压铅丝",5,"卷",11,55]
[90,"螺母螺栓","外六角，12.9级，M13、14、17、19、24各10套",50,"套",3,150]
[91,"外径千分尺","精品镀铬，100-125mm，",2,"把",150,300]
[92,"外径千分尺","精品镀铬，200-225mm",2,"把",206,412]
[93,"手套","棉纱",200,"双",2,400]
[94,"密封纸垫","耐腐蚀,耐高压，耐油，密封性纸垫，200*200*2,20张；500*500*2,10张",20,"张",8,160]
[95,"盘根","碳纤维浸石墨盘根，阀用盘根",10,"米",3,30]
[96,"紫铜垫片","O型垫片，塑料盒套装，种类包含：\n紫铜垫片5*9*1 （35pcs）\n紫铜垫片6*10*1 （30pcs）\n紫铜垫片6*12*1 （30pcs）\n紫铜垫片8*13*1 （30pcs）\n紫铜垫片10*14*1 （30pcs）\n紫铜垫片8*14*1 （25pcs）\n紫铜垫片12*16*1 （25pcs）\n紫铜垫片14*18*1 （25pcs）\n紫铜垫片12*18*1.5 （20pcs）\n紫铜垫片16*20*1.5 （20pcs）\n紫铜垫片16*22*1.5 （15pcs）\n紫铜垫片20*26*1.5 （15pcs）",1,"盒",70,70]
[97,"气缸套拆装工具","6200柴油机气缸套拆装工具，机械式。适用于200mm缸径的柴油机",1,"套",490,490]
[98,"斜口零件盒","180x120x80，塑料加厚",20,"个",5,100]
[99,"压力表","0-100MPa压力表，型号：YQ1002329，铜接头，轴向安装",1,"个",240,240]
[100,"螺纹量规","全套系列-2把系列（公英制+公美制牙规）",2,"套",119,238]
[101,"全铜内丝堵头","4分，6分，1寸各6个",18,"个",3,54]
[102,"全铜外丝堵头","4分，6分，1寸各6个",18,"个",3,54]
[103,"吊环","不锈钢旋转吊环，高强度吊环螺栓，M12,M14,M16,M18,M20,M24各两个。",12,"个",5,60]
[104,"内六角扳手","6、8、10、12、14、17、19、22、24各2把，锰钢",6,"把",34,204]
[105,"电源板","DIY LM317",50,"套",11,550]
[106,"电解液比重计","吸入式1.100~1.300",8,"支",17,136]
[107,"焊锡","高纯度无铅焊锡丝0.8mm含松香芯锡线（500g/卷）",3,"卷",125,375]
[108,"万用表","天宇MF47C",6,"个",115,690]
[109,"护目镜","3M  16221标准版",4,"付",35,140]
[110,"温控器","温度控制器XMK-010",5,"个",32,160]
[111,"船用压力控制器","YWK-50-C",3,"个",140,420]
[112,"船用压力开关","KP2 060-1120（0-7bar）",3,"个",130,390]
[113,"牛皮纸","长卷装牛皮纸，型号：120g 1.2米宽* 10米长/卷",20,"卷",23,460]
[114,"勾线笔","黑色0.3mm，3支装",14,"盒",25,350]
[115,"电池","5号（南孚）聚能环",50,"粒",3.5,175]
[116,"钢锯条"," 飞机牌0.6×1.2×300mm",1000,"片",0.3,300]
[117,"样冲","50mm",20,"支",5,100]
[118,"三角锉","200mm(原配手柄)",10,"把",14,140]
[119,"半圆锉","200mm(原配手柄)",10,"把",14,140]
[120,"钻头","Φ8.5",20,"支",11,220]
[121,"板牙","Φ10",20,"支",11,220]
[122,"丝锥","Φ10",30,"支",11,330]
[123,"45#圆钢","外圆Φ25（1米/条）",5,"米",89,445]
[124,"扁钢","4×80×6000mm（割成1米1条）",10,"条",89,890]
[125,"划针","Φ10×150mm",100,"支",1,100]
[126,"划规","150mm",60,"把",9,540]
[127,"PVC棒","Φ25（1米/条）",300,"kg",11,3300]
[128,"外圆机夹刀杆","刀杆20*20/40Cr",5,"把",50,250]
[129,"切断机夹刀杆","刀杆20*20/40Cr",5,"把",50,250]
[130,"切断机夹刀刀片","数控专用（刀片厚度3毫米）",20,"粒",15,300]
[131,"45#圆钢","外圆Φ50（1米/条）",5,"米",120,600]
[132,"端面机夹刀杆","刀杆20*20/40Cr",4,"把",49,196]
[133,"端面机夹刀刀片","和刀杆相配",15,"粒",19,285]
[134,"毛刷","1.5寸",30,"把",2,60]
[135,"十字螺丝批","150MM",2,"把",10,20]
[136,"焊条","J422  2.5mm",10,"件",125,1250]
[137,"氧气",null,16,"瓶",42,672]
[138,"煤气","15kg",6,"瓶",135,810]
[139,"钢板","q235  5*1500*1000",10,"张",248,2480]
[140,"护目眼镜","白色镜片",15,"付",5,75]
[141,"焊接面罩","纸质",10,"个",8,80]
[142,"焊工手套","全皮质",20,"付",10,200]
[143,"无缝钢管","黑色金属Φ60*5  9米左右",1,"根",625,625]
[144,"6L水基型灭火器（充装）","充装；足量6L",14,"瓶",41,574]
[145,"5KG干粉灭火器（充装）","充装；足量5KG",140,"瓶",31,4340]
[146,"3KG二氧化碳灭火器（充装）","充装；足量3KG",140,"瓶",43,6020]
[147,"机动救生艇 燃油","(0号柴油）",200,"升",8.5,1700]
[148,"机动救助艇 燃油","(92号汽油）",240,"升",9,2160]
[149,"液化石油气","三燃；15公斤",4,"瓶",130,520]
[150,"一次性CPR心肺复苏屏障面膜","包装尺寸14*9.5*7.5cm、单片尺寸：7.2*9.2cm、产品材质：双层无菌防尘布",16,"盒",89,1424]
[151,"75%酒精消毒液","75%度医用酒精消毒液",10,"瓶",14,140]
[152,"无菌棉签","医用无菌消毒棉签 ",20,"包",5,100]
[153,"夹板","固定骨折骨夹板 急救包骨折用医用夹板前臂夹板高分子 木质夹板 上肢大夹板 尺寸48 43 宽头8 S码",10,"副",30,300]
[154,"三角巾（布制）","教学培训三角巾全棉医院包扎会培训专用纯棉三角绷带急救包 厚三角巾",20,"条",20,400]
[155,"国际航线海图：天津-釜山；釜山--美国旧金山。","海图复印各230张",460,"张",19,8740]
[156,"封口胶带","透明  宽5cm*200长",10,"卷",5,50]
["合计",{"$nulls":5},99997]